=LDR 00000nam 2200000 4500 =001 INLIS000000000030314 =005 20130612132453 =008 ***********************************Indonesia** =035 ##$$0010-061300000030314 =041 ##$$a Indonesia =082 ##$$a 621.388 =090 ##$$a 621.388, Atm t =100 ##$$a Atmowiloto,Arswendo =245 ##$$a Telaah Tentang Televisi, Arswendo Atmowiloto =260 ##$$a 1986 $b Jakarta =300 ##$$a xv,209 hlm., 23 cm =650 ##$$a Televisi =850 ##$$a NBPNMAT